000 00728nam a2200241Ia 4500
003 OSt
005 20220926013347.0
006 a|||||r|||| 00| 0
007 ta
008 220923b |||||||| |||| 00| 0 eng d
037 _cGeneral Book
040 _aRTL
_cRTL
_beng
041 _2eng
_aeng
082 _aY9(W):44.1-1.N7, L0
100 _aHeidenheimer Arnold J
_9121994
245 0 _aPolitical corruption
_b Readings in comparative anal
260 _aNew York
_bHolt Rinehart and Winston
_c1970
300 _aix,582p
_ccm.
500 _aBibliography: p 579-582
650 _aPolitical Sociology
942 _hY9(W):44.1-1.N7, L0
_cGB
_2CC
999 _c625776
_d625776